All Diary of a Wimpy Kid Books - Statistics

General Stats
  • This quiz has been taken 57 times
  • The average score is 14 of 19
Answer Stats
Number Name % Correct
2 Rodrick Rules
96%
4 Dog Days
93%
6 Cabin Fever
87%
1 Diary of a Wimpy Kid
85%
9 The Long Haul
85%
12 The Getaway
83%
3 The Last Straw
80%
7 The Third Wheel
80%
8 Hard Luck
78%
10 Old School
76%
13 The Meltdown
70%
5 The Ugly Truth
70%
15 The Deep End
67%
14 Wrecking Ball
67%
11 Double Down
63%
19 Hot Mess
59%
16 Big Shot
57%
18 No Brainer
48%
17 Diper Overlode
39%
No matching quizzes found
Score Distribution
Percent of People with Each Score
Percentile by Number Answered
Your Score History
You have not taken this quiz